000 00449nam a2200157 i 4500
001 75015
003 ES-MaACL
005 20230906172320.0
007 t|
008 040921s1944 ag ||||1| spa d
100 1 _aGoñi, Adalberto R.
_959076
245 1 0 _aMyasthenia gravis /
_cAdalberto R. Goñi.
260 _aBuenos Aires :
_bEl Ateneo,
_c1944 (
_fFerrari Hnos.)
300 _a134 p. :
_bil. ;
_c27 cm.
852 _aES-MaACL
_j1869-F-16
_bR.22017
999 _c75015
_d75015